Traité élémentaire de chimie organique / (Record no. 151995)

MARC details
000 -LEADER
campo de control de longitud fija 00844nam a22002295i 4500
001 - NÚMERO DE CONTROL
campo de control 151995
003 - IDENTIFICADOR DE NÚMERO DE CONTROL
campo de control ES-MaACL
005 - FECHA Y HORA DE LA ÚLTIMA TRANSACCIÓN
campo de control 20250815113045.0
008 - DATOS DE LONGITUD FIJA--INFORMACIÓN GENERAL
campo de control de longitud fija 011010s1900 fr |||| | fre d
040 ## - FUENTE DE CATALOGACIÓN
Centro catalogador/agencia de origen LR
Lengua de catalogación spa
Centro/agencia transcriptor LR
100 1# - ENTRADA PRINCIPAL--NOMBRE DE PERSONA
Nombre de persona Bernthsen, Henri Auguste.
9 (RLIN) 28363
245 10 - MENCIÓN DEL TÍTULO
Título Traité élémentaire de chimie organique /
Mención de responsabilidad, etc. par A. Bernthsen ; traduite de l'allemand sur la sixième édition par M. Choffel [et] E. Suais.
250 ## - MENCION DE EDICION
Mención de edición 1e ed. française.
260 ## - PUBLICACIÓN, DISTRIBUCIÓN, ETC.
Lugar de publicación, distribución, etc. Paris :
Nombre del editor, distribuidor, etc. Librairie Polytechnique Ch. Béranger, éditeur,
Fecha de publicación, distribución, etc. 1900 (
Lugar de fabricación/manufactura Laval :
Fabricante imp. L. Barneoud et Cie.)
300 ## - DESCRIPCIÓN FÍSICA
Extensión XIII, 530 p. ;
Dimensiones 21 cm.
650 #7 - PUNTO DE ACCESO ADICIONAL DE MATERIA--TÉRMINO DE MATERIA
Término de materia o nombre geográfico como elemento de entrada Química orgánica
Fuente del encabezamiento o término embne
9 (RLIN) 136799
700 1# - ENTRADA AGREGADA--NOMBRE PERSONAL
Nombre de persona Choffel, Maurice.
9 (RLIN) 147646
700 0# - ENTRADA AGREGADA--NOMBRE PERSONAL
Nombre de persona Suais, E.
9 (RLIN) 108529
852 ## - LOCALIZACIÓN
Ubicación ES-MaACL
Número de control de estantería F-4407
Nota libre -- Enc. tela
Holdings
Estatus retirado Estado de pérdida Estado de daño No para préstamo Colección Biblioteca de origen Biblioteca actual Ubicación en estantería Fecha de adquisición Fuente de adquisición Total de préstamos Signatura topográfica completa Código de barras Visto por última vez Precio de reemplazo Tipo de ítem Koha
        Libros del s. XIX Biblioteca del Ateneo de Madrid Biblioteca del Ateneo de Madrid Depósito 2 17/01/2008     F-4407 1158654 23/02/2023 23/02/2023 Libro impreso antiguo